000 00505nam a2200157Ia 4500
008 210716s2004 xx 000 0 und d
020 _a9780887309595
041 _aeng
082 _a658.4095 GERM
100 _aGerber, Michael E.
245 _aE- myth manager: why most managers dont work and what to do about it.
_bWhy most managers dont work and what to do about it.
250 _a1
260 _aNew York
_bCollins Business Essentials
_c2004
300 _axxiv,229
650 _aGeneral Management
999 _c207502
_d207502